Drapeau avec un cercle - Statistiques

Statistiques générales
  • Ce quiz a été pris 76 fois
  • Le résultat moyen est 21 sur 25
Statistiques - réponses
Par images Réponse % Correct
Brésil
100%
Corée du nord
100%
Corée du sud
100%
Japon
100%
Inde
99%
Portugal
99%
Macédoine du nord
96%
Tunisie
91%
Bangladesh
90%
Kazakhstan
90%
Ethiopie
88%
Laos
84%
Paraguay
84%
Taïwan
84%
Ouganda
81%
Mongolie
79%
Niger
79%
Belize
74%
Kirghizistan
71%
Palaos
66%
Burundi
65%
Dominique
62%
Namibie
60%
Groenland
59%
Grenade
57%
Aucun quiz correspondant
Distribution des résultats
% des personnes avec chaque résultat
Percentile par nombre de réponses
Votre historique - résultats
Vous n’avez pas pris ce quiz